Phương pháp luận và phương pháp nghiên cứu ngôn ngữ
Giới thiệu các phương pháp luận ngôn ngữ học: Phương pháp luận và phương pháp ngôn ngữ học, phương pháp luận của trường phái Geneva, phương pháp luận của trường phái Prague... Các phương pháp nghiên cứu ngôn ngữ: phương pháp, thủ pháp và...
Đã lưu trong:
| Príomhúdar: | |
|---|---|
| Formáid: | Leabhar |
| Teanga: | Undetermined |
| Foilsithe: |
H.
Giáo dục Việt Nam
2012
|
| Ábhair: | |
| Rochtain Ar Líne: | http://lrc.tdmu.edu.vn/opac/search/detail.asp?aID=2&ID=21549 |
| Clibeanna: |
Cuir Clib Leis
Gan Chlibeanna, Bí ar an gcéad duine leis an taifead seo a chlibeáil!
|
| Thư viện lưu trữ: | Trung tâm Học liệu Trường Đại học Thủ Dầu Một |
|---|
| LEADER | 01239nam a2200205Ia 4500 | ||
|---|---|---|---|
| 001 | TDMU_21549 | ||
| 008 | 210410s9999 xx 000 0 und d | ||
| 082 | |a 410.18 | ||
| 090 | |b NG527 | ||
| 100 | |a Nguyễn, Thiện Giáp | ||
| 245 | 0 | |a Phương pháp luận và phương pháp nghiên cứu ngôn ngữ | |
| 245 | 0 | |c Nguyễn Thiện Giáp | |
| 260 | |a H. | ||
| 260 | |b Giáo dục Việt Nam | ||
| 260 | |c 2012 | ||
| 300 | |a 611tr. | ||
| 520 | |a Giới thiệu các phương pháp luận ngôn ngữ học: Phương pháp luận và phương pháp ngôn ngữ học, phương pháp luận của trường phái Geneva, phương pháp luận của trường phái Prague... Các phương pháp nghiên cứu ngôn ngữ: phương pháp, thủ pháp và phương tiện miêu tả, phương pháp giải thích bên ngoài, phương pháp giải thích bên trong... | ||
| 650 | |a Ngôn ngữ học |x phương pháp nghiên cứu; Ngôn ngữ học |x phương pháp luận | ||
| 856 | |u http://lrc.tdmu.edu.vn/opac/search/detail.asp?aID=2&ID=21549 | ||
| 980 | |a Trung tâm Học liệu Trường Đại học Thủ Dầu Một | ||